| 000 | 00534nam a2200193Ia 4500 | ||
|---|---|---|---|
| 008 | 151119s9999||||xx |||||||||||||| ||und|| | ||
| 082 | _a808.88 | ||
| 082 | _bGKKV8935 | ||
| 100 | _aशिवराम तनया | ||
| 245 | _aसुवचन संग्रह | ||
| 260 | _a-- | ||
| 260 | _b-- | ||
| 260 | _c0 | ||
| 600 | _aशिवराम तनया | ||
| 630 | _aसुवचन संग्रह | ||
| 700 | _aशिवराम तनया | ||
| 730 | _aसुवचन संग्रह | ||
| 942 | _cBOOK | ||
| 999 |
_c1063312 _d1063309 |
||